000 00676nam a2200301Ia 4500
005 20260401122446.0
008 008 250103s9999 xx 000 0 eng d
020 _a9780521152716
037 _aTB
040 _aEDL
040 _beng
040 _cEDL
041 _2eng
041 _aeng
084 _a822.3HAY
084 _qEDL
100 _aHaynes Jonathan
_918231
245 4 _aThe Social relation of Jonson's theater
245 0 _cHaynes Jonathan
260 _aCambridge
260 _bCambridge University press
260 _c1992
300 _a143p
942 _cTB
942 _h822.3HAY
999 _c1847422
_d1847422